000 00338 a2200157 4500
001 75327
020 _a
040 _cAnchieta - Colégio São Paulo
100 _aKubitschek, Juscelino
240 1 0 _aA escalada política
_lpor
245 1 0 _aA escalada política
300 _a502
362 0 _a1976
650 4 _aBrasil
942 _cBK
999 _c75327
_d75327